000 00841nam a2200229Ia 4500
003 OSt
005 20250826111318.0
008 220922b |||||||| |||| 00| 0 hin d
020 _a8181433564 (hbk)
037 _cTB
040 _aARTS
_cARTS
_bhin
041 _2hin
_ahin
084 _aO152:g(Y) P5;P8
_qAL
100 _aपाण्डेय, मैनेजर
_9158306
245 0 _aआलोचना की सामाजिकता
246 _aĀlochanā kī sāmājikatā
260 _aनयी दिल्ली
_b वाणी प्रकाशन
_c2008
300 _a296पृ.
_ccm.
650 _aहिन्दी साहित्य
_9156264
942 _hO152:g(Y) P5;P8
_cTB
_2CC
_n0
999 _c295350
_d295350